Crown Lands of the Austrian Empire in 1850 with a Map - Statistics

General Stats
  • This quiz has been taken 8,559 times
    7,559 since last reset
  • The average score is 15 of 24
Answers on the Map
Answers color-coded by a green-red scale on the quiz's map according to % correct below.
 
Answer Stats
Crown Land % Correct
Hungary
98%
Croatia
92%
Bohemia
90%
Tyrol
83%
Serbia and Banat of Temeschwar
79%
Dalmatia
78%
Transylvania
77%
Moravia
76%
Lombardy-Venetia
75%
Salzburg
70%
Trieste
70%
Silesia
63%
Galicia-Lodomeria
61%
Lower Austria
61%
Upper Austria
61%
Styria
59%
Istria
57%
Carinthia
51%
Fiume
41%
Slavonia
40%
Vorarlberg
40%
Bukovina
38%
Carniola
37%
Gorizia and Gradisca
22%
No matching quizzes found
Score Distribution
Percent of People with Each Score
Percentile by Number Answered
Your Score History
You have not taken this quiz since the last reset